MARC

LEADER 00000nam0a2200000 4500
001 374077
005 20231102012624.0
035 |a (RuTPU)RU\TPU\retro\31511 
035 |a RU\TPU\book\305374 
090 |a 374077 
100 |a 20221216d1965 km y0rusy50 ca 
101 0 |a rus 
102 |a RU 
105 |a a z 001zy 
200 1 |a Что получают из газа  |f А. Я. Авербух, А. С. Сопова 
210 |a Ленинград  |c Недра  |d 1965 
215 |a 176 с.  |c ил. 
320 |a Библиогр.: с. 162. 
606 1 |a Тепловое хозяйство  |2 stltpush  |3 (RuTPU)RU\TPU\subj\32980  |9 55350 
610 1 |a газ 
610 1 |a углеводороды 
610 1 |a химические реакции 
610 1 |a природный газ 
610 1 |a добыча 
610 1 |a транспортировка 
610 1 |a очистка 
610 1 |a использование 
675 |a 662.6  |v 3 
700 1 |a Авербух  |b А. Я.  |g Анатолий Яковлевич 
701 1 |a Сопова  |b А. С.  |g Александр Семенович 
801 1 |a RU  |b 63413507  |c 20150123 
801 2 |a RU  |b 63413507  |c 20221216  |g RCR 
942 |c BK